Name the Minecraft Mobs by the Picture - Statistics

General Stats
  • This quiz has been taken 29 times
  • The average score is 14 of 16
Answer Stats
Picture Answer % Correct
Creeper
100%
Iron Golem
100%
Pig
100%
Cat
96%
Enderman
96%
Witch
96%
Wolf
92%
Zombie
92%
Baby Zombie
88%
Ender Dragon
88%
Warden
88%
Parrot
84%
Silverfish
80%
Armadillo
72%
Drowned
72%
Sniffer
68%
No matching quizzes found
Score Distribution
Percent of People with Each Score
Percentile by Number Answered
Your Score History
You have not taken this quiz